Qatar : (Record no. 20221)
[ view plain ]
| 000 -LEADER | |
|---|---|
| fixed length control field | 01203cam a2200301 i 4500 |
| 001 - CONTROL NUMBER | |
| control field | 17602089 |
| 003 - CONTROL NUMBER IDENTIFIER | |
| control field | EG-ScBUE |
| 005 - DATE AND TIME OF LATEST TRANSACTION | |
| control field | 20240407094133.0 |
| 008 - FIXED-LENGTH DATA ELEMENTS--GENERAL INFORMATION | |
| fixed length control field | 130124s2013 nyua f b f001 0 eng d |
| 020 ## - INTERNATIONAL STANDARD BOOK NUMBER | |
| International Standard Book Number | 9780801452093 (cloth : alk. paper) |
| 040 ## - CATALOGING SOURCE | |
| Original cataloging agency | NIC/DLC |
| Language of cataloging | eng |
| Description conventions | rda |
| Transcribing agency | NIC |
| Modifying agency | DLC |
| -- | EG-ScBUE |
| 043 ## - GEOGRAPHIC AREA CODE | |
| Geographic area code | a-qa--- |
| 082 04 - DEWEY DECIMAL CLASSIFICATION NUMBER | |
| Classification number | 953.63 |
| Edition number | 22 |
| Item number | KAM |
| 100 1# - MAIN ENTRY--PERSONAL NAME | |
| Personal name | Kamrava, Mehran, |
| Dates associated with a name | 1964- |
| Relator term | author. |
| 9 (RLIN) | 4826 |
| 245 10 - TITLE STATEMENT | |
| Title | Qatar : |
| Remainder of title | small state, big politics / |
| Statement of responsibility, etc | Mehran Kamrava. |
| 264 #1 - PUBLICATION, DISTRIBUTION, ETC. (IMPRINT) | |
| Place of publication, distribution, etc | Ithaca ; |
| -- | London : |
| Name of publisher, distributor, etc | Cornell University Press, |
| Date of publication, distribution, etc | 2013. |
| 300 ## - PHYSICAL DESCRIPTION | |
| Extent | x, 222 pages : |
| Other physical details | illustrations ; |
| Dimensions | 24 cm |
| 336 ## - CONTENT TYPE | |
| Source | rdacontent |
| Content type term | text |
| Content type code | txt |
| 337 ## - MEDIA TYPE | |
| Media type term | unmediated |
| Source | rdamedia |
| Media type code | n |
| 338 ## - CARRIER TYPE | |
| Carrier type term | volume |
| Carrier type code | nc |
| Source | rdacarrier |
| 504 ## - BIBLIOGRAPHY, ETC. NOTE | |
| Bibliography, etc | Includes bibliographical references and index.<br/> |
| 505 0# - FORMATTED CONTENTS NOTE | |
| Formatted contents note | Setting the stage -- The subtle powers of a small state -- Foreign policy and power projection -- The stability of royal autocracy -- State capacity and high modernism -- Qatar's moment in history. |
| 651 #7 - SUBJECT ADDED ENTRY--GEOGRAPHIC NAME | |
| Geographic name | Qatar |
| General subdivision | Politics and government. |
| Source of heading or term | BUEsh |
| 9 (RLIN) | 39007 |
| 651 #7 - SUBJECT ADDED ENTRY--GEOGRAPHIC NAME | |
| Geographic name | Qatar |
| General subdivision | Foreign relations. |
| Source of heading or term | BUEsh |
| 9 (RLIN) | 39008 |
| 653 ## - INDEX TERM--UNCONTROLLED | |
| Resource For college | BAEPS, Political Science |
| Arrived date list | July2015 |
| -- | January2016 |
| 655 ## - INDEX TERM--GENRE/FORM | |
| Form subdivision | Reading book |
| 942 ## - ADDED ENTRY ELEMENTS (KOHA) | |
| Source of classification or shelving scheme | Dewey Decimal Classification |
| Koha item type | Book - Borrowing |
| Withdrawn status | Lost status | Source of classification or shelving scheme | Damaged status | Not for loan | Collection code | Home library | Current library | Shelving location | Date acquired | Source of acquisition | Cost, normal purchase price | Serial Enumeration / chronology | Total Checkouts | Total Renewals | Full call number | Barcode | Date last seen | Date checked out | Cost, replacement price | Koha item type |
|---|---|---|---|---|---|---|---|---|---|---|---|---|---|---|---|---|---|---|---|---|
| Dewey Decimal Classification | Baccah | Central Library | Central Library | Second Floor | 06/07/2015 | Purchase | 250.00 | 22696 | 3 | 100 | 953.63 KAM | 000039349 | 15/07/2025 | 21/05/2018 | 313.00 | Book - Borrowing |